| 000 | 00351nam a2200157Ia 4500 | ||
|---|---|---|---|
| 008 | 210210b1927 xxu||||| |||| 00| 0 eng d | ||
| 041 | _aeng | ||
| 082 | _a872/48 | ||
| 100 | _aVASUDEVAN MOOSSED (K) | ||
| 245 | _aPrachina Bharatham | ||
| 260 |
_a _b- _c1927 |
||
| 650 | _aPrachina | ||
| 650 | _aBharatham | ||
| 690 | _aMalayalam | ||
| 906 | _a002497 | ||
| 999 |
_c124468 _d124468 |
||